000 00480nam a2200193Ia 4500
001 22518
003 GE_BSU
008 181216s||||||||xx |||||||||||||| ||und||
040 _cGE_BSU
080 _aპერიოდიკა
245 _aLe point, 3 mai №2383. 2018
260 _aParis
260 _c2018
300 _a98 p. 26cm. ill.
653 _aLe point, 3 mai №2383. 2018
653 _aПериодика
653 _aპერიოდიკა
942 _cCR
999 _c55436
_d55436